000 00222 a2200097 4500
001 45465
100 _aLiefer M
245 _aIndonesia s foreign policy
260 _aLondon
_bGeorge Allen unwin
_c
090 _c28628
_d28628
942 _aNUST-CAE
_cM
_c20700
999 _c280538
_d280538